000 00684nam a2200217Ia 4500
003 GCL
008 140319s9999 xx 000 0 ara d
040 _aGCL /
_cGCL
082 0 4 _a371.302814
_bع ت
100 1 _aعفاف عبدالكريم
245 1 0 _aالتدريس للتعلم فى التربية البدنية والرياضية /
_cعفاف عبدالكريم
260 _a[S.N] :
_bمنشاة المعارف الاسلامية ،
_c1991
300 _a517 ص
490 _a
650 0 4 _aطرق التدريس
650 0 4 _aالتعليم
650 0 4 _aالتربية
650 0 4 _aالتربية البدنية
650 0 4 _aالمدرسون
942 _2ddc
_cBK
999 _c29552
_d29552